Shakespeare's Moons Quiz Stats

 Plays Quiz Updated Jul 25, 2017

Support Sporcle.
Go Orange.
Score 0/13 Timer 04:00
1 Play Today
% Correct
Romeo and [Title Character]
84.7%
A Midsummer Night's Dream
84.6%
Hamlet
77.4%
Othello
69.3%
Troilus and [Title Character]
66.9%
King Lear
64.3%
The Tempest
61.3%
The Merchant of Venice
55.5%
The Taming of the Shrew
51.9%
As You Like It
47.5%
The Winter's Tale
37%
Much Ado About Nothing
36.7%
Timon of Athens
30.6%

You're not logged in!

Compare scores with friends on all Sporcle quizzes.
OR
Log In
Forgot?

From the Vault

Top 20 Baby Girl Names of the '90s

by emmafrisbee

If you're looking to name a princess, here are 20 cute names to get the juices flowing.
Remove Ads.
Support Sporcle.
Get the best of Sporcle when you Go Orange. This ad-free experience offers more features, more stats, and more fun while also helping to support Sporcle. Thank you for becoming a member.

Show Comments

Extras

Top Quizzes Today


Score Distribution

Your Account Isn't Verified!

In order to create a playlist on Sporcle, you need to verify the email address you used during registration. Go to your Sporcle Settings to finish the process.

Report this User

Report this user for behavior that violates our Community Guidelines.

Details: